Kompetencie a úlohy manažérov pri zavádzaní business intelligence v podniku

Charakteristika a vymedzenie kompetencií manažérov ako predpokladu úspešnosti zavádzania business intelligence. Určenie hlavných úloh manažérov v procese implementácie business intelligence v podniku.

Salvato in:
Dettagli Bibliografici
Autore principale: Olexová, Cecília, 1976-
Natura: Capitolo di libro
Lingua:slovacco
Soggetti:
Tags: Aggiungi Tag
Nessun Tag, puoi essere il primo ad aggiungerne!!

MARC

LEADER 00000nla$a2200000$$$4500
001 0128410
005 20240605065046.0
041 0 |a slo 
044 |a SK 
245 1 0 |a Kompetencie a úlohy manažérov pri zavádzaní business intelligence v podniku  |c Cecília Olexová 
520 |a Charakteristika a vymedzenie kompetencií manažérov ako predpokladu úspešnosti zavádzania business intelligence. Určenie hlavných úloh manažérov v procese implementácie business intelligence v podniku. 
610 2 0 |a manažéri 
610 2 0 |a riadenie vrcholové 
610 2 0 |a metódy riadenia 
610 2 0 |a komunikácia manažérska 
610 2 0 |a technika riadenia 
610 2 0 |a procesy podnikové 
610 2 0 |a riadenie podnikové 
610 2 0 |a štýl vedenia 
610 2 0 |a odbornosť 
610 2 0 |a kompetencie 
100 1 |a Olexová, Cecília, 1976-